01174nam a2200241Ia 4500001000600000003000900006008004100015040001300056040001300069041001300082100002200095100002900117245007500146245007500221250001100296260001100307260002600318260004900344300005700393500041800450650003300868650003100901F4968IT-RoPAU130308s9999 xx 000 0 und d aIT-RoPAU cIT-RoPAU aITALIANO aAlberione Giacomo gCodice Aut. SPICS: 10028 aPrediche del Primo Maestro riportate nelle sue parole originali (1955) bPrediche del Primo maestro Riportate nelle Sue Parole Originali (1955) a1a ed. aBOSTON bDaughters Of St. Paul c1955 [1° Ed.:1955 - Ed.Ling.Originale:1955] a"128 p. (prefazione: no ; testo: 128 [pagine: 0-0])" aPrediche Alle Figlie di San Paolo. Stati Uniti: Amare Dio con Tutta la Mente e con tutto Il Cuore, Amare Dio con Tutte le Forze, nostra Vocazione, Santa Tecla, Dare tutto a Dio, Paradiso, Rosario, Esame di Coscienza, Frutto Generale del Rosario. Messico: buon Esempio, Meditazione, Esame di Coscienza, Apostolato, Paradiso, Amore a Gesu'. Italia: Occupare Bene Il Tempo, Santificazione della Mente, Aggiornamento. aSCRITTI DI GIACOMO ALBERIONE eCodice materia Spics: 9901